Sports Quiz

Random Sports Quiz
Score 0/106 Timer 06:00
0 Plays Today
Date School % Correct
December 28, 2019*LSU
100%
December 28, 2019*Oklahoma
100%
January 1, 2021Georgia
100%
January 1, 2021Cincinnati
100%
December 28, 1973Georgia
97.3%
December 30, 1989Georgia
97.3%
December 30, 1995Georgia
97.3%
December 31, 1998Georgia
97.3%
December 30, 2006Georgia
97.3%
December 28, 1996LSU
96.8%
December 29, 2000LSU
96.8%
December 30, 2005LSU
96.8%
December 31, 2008LSU
96.8%
December 31, 2016*Alabama
96.3%
December 30, 1968LSU
96.2%
December 31, 2012LSU
96.2%
December 31, 2015Florida St.
95%
December 30, 1968Florida St.
94.6%
December 30, 1971Georgia Tech
94.6%
December 31, 1981Florida
94.6%
December 25, 1978Georgia Tech
94.6%
December 29, 2000Georgia Tech
94.6%
December 31, 2004Florida
94.6%
December 31, 2008Georgia Tech
94.6%
December 31, 2010Florida St.
94.6%
December 29, 2018Florida
94.3%
December 30, 1970North Carolina
94.1%
December 31, 1976North Carolina
94.1%
December 30, 1983North Carolina
94.1%
December 31, 2001North Carolina
94.1%
December 31, 2012Clemson
94.1%
December 31, 1979Clemson
93.5%
December 31, 1984Virginia
93.5%
December 31, 1993Clemson
93.5%
December 30, 1995Virginia
93.5%
December 28, 1996Clemson
93.5%
Date School % Correct
January 2, 1998Clemson
93.5%
December 30, 1999Clemson
93.5%
December 31, 1998Virginia
93.5%
January 2, 2004Clemson
93.5%
December 31, 2007Clemson
93.5%
December 31, 2011Virginia
93.5%
December 29, 1990Auburn
93%
January 2, 1998Auburn
93%
December 31, 2001Auburn
93%
December 31, 2007Auburn
93%
December 31, 2011Auburn
93%
January 2, 1981Miami (FL)
92.4%
December 30, 1983Florida St.
92.4%
December 31, 2004Miami (FL)
92.4%
December 30, 2005Miami (FL)
92.4%
January 1, 2018Auburn
91.9%
December 31, 1982Tennessee
91.9%
January 2, 1988Tennessee
91.9%
December 31, 2002Tennessee
91.9%
January 2, 2004Tennessee
91.9%
December 31, 2009Tennessee
91.9%
December 31, 2014Mississippi
91.8%
December 31, 1986Virginia Tech
91.4%
December 30, 2006Virginia Tech
91.4%
December 31, 2009Virginia Tech
91.4%
December 30, 1971Mississippi
90.8%
January 2, 1981Virginia Tech
90.8%
December 31, 2010South Carolina
89.7%
December 30, 1969South Carolina
89.2%
December 29, 2018Michigan
88.6%
January 1, 1995North Carolina St.
87.6%
December 31, 2013Duke
87.3%
December 29, 1972North Carolina St.
87%
December 31, 1975North Carolina St.
87%
December 31, 1977North Carolina St.
87%
December 31, 1986North Carolina St.
87%
Date School % Correct
December 31, 1988North Carolina St.
87%
January 1, 1992North Carolina St.
87%
December 31, 2013Texas A&M
86.4%
January 2, 1993North Carolina
85.9%
January 2, 1993Mississippi St.
85.9%
January 1, 1995Mississippi St.
85.9%
December 30, 1999Mississippi St.
85.9%
December 28, 1973Maryland
84.3%
December 31,1976Kentucky
84.3%
December 31, 1993Kentucky
84.3%
December 31, 2002Maryland
84.3%
December 30, 1969West Virginia
76.2%
December 29, 1972West Virginia
76.2%
December 31, 1975West Virginia
76.2%
December 31, 1981West Virginia
76.2%
January 1, 2018UCF
75.8%
December 31, 2016*Washington
75%
December 31, 2015Houston
73.8%
December 28, 1974Vanderbilt
71.4%
December 30, 1989Syracuse
69.7%
December 31, 2014TCU
68.2%
December 31, 1982Iowa
63.8%
December 31, 1988Iowa
63.8%
January 2, 1988Indiana
62.2%
December 29, 1990Indiana
62.2%
December 28, 1974Texas Tech
61.1%
December 31, 1984Purdue
59.5%
December 25, 1978Purdue
59.5%
December 31, 1985Illinois
58.4%
December 31, 1979Baylor
53%
December 31, 1985Army
49.2%
December 31, 1977Iowa St.
47.6%
December 30, 1970Arizona St.
42.7%
January 1, 1992East Carolina
31.4%
Remove Ads.
Support Sporcle.
Get the best of Sporcle when you Go Orange. This ad-free experience offers more features, more stats, and more fun while also helping to support Sporcle. Thank you for becoming a member.

You're not logged in!

Compare scores with friends on all Sporcle quizzes.
OR
Log In

Show Comments

Extras

Top Quizzes Today


Score Distribution

Your Account Isn't Verified!

In order to create a playlist on Sporcle, you need to verify the email address you used during registration. Go to your Sporcle Settings to finish the process.

Report this User

Report this user for behavior that violates our Community Guidelines.

Details: